[Event "EU-ch U10 27th"]
[Site "Mamaia"]
[Date "2017.09.08"]
[Round "4"]
[White "Pataki, Dragos Ioan"]
[Black "Stan, Anghel Cristian"]
[Result "1/2-1/2"]
[WhiteElo "1245"]
[BlackElo "1188"]
[PlyCount "54"]
[EventDate "2017.09.05"]
[EventType "swiss"]
[EventRounds "9"]
[EventCountry "ROU"]
[SourceTitle "CBM 180 Extra"]
[Source "ChessBase"]
[SourceDate "2017.10.06"]
[SourceVersion "1"]
[SourceVersionDate "2017.10.06"]
[SourceQuality "1"]

1. d4 Nf6 2. Nf3 g6 3. Bf4 Bg7 4. h3 0-0 5. e3 d6 6. Be2 Nbd7 7. Nbd2 c5 8. c3 Ne8 9. 0-0 e5 10. Bh2 f5 11. Qb3+ Kh8 12. Nc4 Qc7 13. Rfd1 a5 14. a4 h6 15. d5 Kh7 16. Na3 Qd8 17. c4 e4 18. Nd2 Qf6 19. Rdb1 Rb8 20. Nf1 h5 21. Rd1 g5 22. Rd2 g4 23. hxg4 hxg4 24. f4 Qh4 25. g3 Qh6 26. Bd1 Rh8 27. Kf2 Nf8 1/2-1/2

[Event "EU-ch U10 27th"]
[Site "Mamaia"]
[Date "2017.09.06"]
[Round "2"]
[White "Stan, Anghel Cristian"]
[Black "Mesic, Ismet"]
[Result "1/2-1/2"]
[WhiteElo "1188"]
[BlackElo "1411"]
[PlyCount "58"]
[EventDate "2017.09.05"]
[EventType "swiss"]
[EventRounds "9"]
[EventCountry "ROU"]
[SourceTitle "CBM 180 Extra"]
[Source "ChessBase"]
[SourceDate "2017.10.06"]
[SourceVersion "1"]
[SourceVersionDate "2017.10.06"]
[SourceQuality "1"]

1. d4 d5 2. e3 Nf6 3. Nf3 Bg4 4. Be2 e6 5. 0-0 Bd6 6. Nbd2 0-0 7. c4 b6 8. Ne5 Bxe2 9. Qxe2 c5 10. f4 Qc7 11. b3 Nc6 12. Bb2 Nd7 13. Qg4 Ndxe5 14. fxe5 Be7 15. Rf3 cxd4 16. exd4 dxc4 17. Rg3 g6 18. Nxc4 Rfd8 19. Rd1 b5 20. Ne3 Qb6 21. Kh1 Rac8 22. d5 exd5 23. Nxd5 Qc5 24. Nf6+ Bxf6 25. exf6 Rxd1+ 26. Qxd1 Rd8 27. Rd3 Rxd3 28. Qxd3 Qb6 29. Qd2 Qd8 1/2-1/2

[Event "ROM-ch U10"]
[Site "Baile Felix"]
[Date "2017.02.07"]
[Round "7"]
[White "Stan, Anghel Cristian"]
[Black "Grosu, Albert Constantin"]
[Result "1-0"]
[WhiteElo "1197"]
[BlackElo "1064"]
[PlyCount "61"]
[EventDate "2017.02.02"]
[EventType "swiss"]
[EventRounds "9"]
[EventCountry "ROU"]
[SourceTitle "CBM 176 Extra"]
[Source "ChessBase"]
[SourceDate "2017.03.02"]
[SourceVersion "1"]
[SourceVersionDate "2017.03.02"]
[SourceQuality "1"]

1. e4 c5 2. c4 e6 3. Nc3 d6 4. Nf3 Nf6 5. Be2 Be7 6. 0-0 0-0 7. d4 cxd4 8. Nxd4 a6 9. f3 b6 10. Be3 Bb7 11. Qd2 Re8 12. Rac1 Nbd7 13. Rfd1 Qc7 14. a3 Ne5 15. Bf1 Nxc4 16. Bxc4 Qxc4 17. Nce2 Qa4 18. Rc7 Bc8 19. Nc6 Bd7 20. Nxe7+ Rxe7 21. Bxb6 Rb8 22. Bd4 e5 23. Bc3 Ne8 24. Ra7 Qc4 25. Kh1 Qb5 26. Qd3 Qxd3 27. Rxd3 Nf6 28. Rxd6 Re6 29. Rxe6 Bxe6 30. Bxe5 Rb6 31. Ra8+ 1-0

[Event "ROM-ch U10"]
[Site "Calimanesti Caciulata"]
[Date "2016.04.21"]
[Round "4"]
[White "Stan, Anghel Cristian"]
[Black "Dragomir, Andrei Darius"]
[Result "0-1"]
[WhiteElo "1096"]
[BlackElo "1516"]
[PlyCount "56"]
[EventDate "2016.04.18"]
[EventType "swiss"]
[EventRounds "9"]
[EventCountry "ROU"]
[SourceTitle "CBM 172 Extra"]
[Source "ChessBase"]
[SourceDate "2016.06.21"]
[SourceVersion "1"]
[SourceVersionDate "2016.06.21"]
[SourceQuality "1"]

1. e4 e5 2. Nf3 Nc6 3. Bc4 Nf6 4. d3 h6 5. c3 d6 6. h3 g6 7. d4 exd4 8. cxd4 Bg7 9. d5 Ne5 10. Nxe5 dxe5 11. Nc3 0-0 12. Be3 Re8 13. Bb5 Bd7 14. Be2 a6 15. a4 Qe7 16. Qc1 Kh7 17. a5 Qb4 18. Ra4 Bxa4 19. g4 Nxe4 20. Rg1 Nxc3 21. bxc3 Qxa5 22. g5 h5 23. Bd2 Qxd5 24. c4 Qd6 25. c5 Qd7 26. Rg3 Bb5 27. Bf3 Qd3 28. Bd1 Qf1# 0-1